| 000 | 00928nam0a22002291 4500 | ||
|---|---|---|---|
| 001 | rc\319127 | ||
| 005 | 20250621034029.0 | ||
| 035 | _a(NLR Aleph) 005553813 | ||
| 090 |
_a5838859 _c5838859 |
||
| 100 | _a20030307d1990 |||y0rusy50 ca | ||
| 101 | 0 | _arus | |
| 102 | _aRU | ||
| 105 | _ay ||||||||| | ||
| 200 | 1 |
_aИЗ ОПЫТА работы молодежных природоохранных организаций по программе "Фауна" _e[Сб.] _fАКСМ Украины, Координац.-метод. совет студенч. дружин по охране природы УССР |
|
| 210 |
_aКиев _cБ. и. _d1990 |
||
| 215 |
_a30 с. _d20 |
||
| 712 | 0 | 2 | _aКоординационно-методический совет студ. дружин по охране природы УССР |
| 801 | 0 |
_aRU _bNLR _gpsbo |
|
| 801 | 1 |
_aRU _bELAR _2rusmarc |
|
| 852 |
_aNLR _j93-4/11259 |
||
| 942 | _cBOOK | ||
| 980 | _aNB | ||